002540000a220007300045001000025000002450087000253000054001127730014001661 aArija, José Manuel10aíBasta ya! Por fin se retiraron los serbios de Sarajevo, pero lapaz está lejos aVol. 37, Num. 37 (Febrero, 1994), Páginas 38-410 tCambio 16